SEMICON West 97 : Program Directory and Product Guide

Gespeichert in:
Bibliographische Detailangaben
Format: Buch
Sprache:Englisch
Veröffentlicht: B.m. : SEMI, 1997
Schlagworte:
Tags: Tag hinzufügen
Keine Tags, Fügen Sie das erste Tag hinzu!

MARC

LEADER 00000nam a22000003a 4500
001 stu46045
005 20141122040111.9
008 971120s1997----xxu-----------------eng-d
040 |a STU  |b slo 
041 0 |a eng 
044 |a xxu 
080 |a 621.382(085) 
245 |a SEMICON West 97 :  |b Program Directory and Product Guide 
260 |a B.m. :  |b SEMI,  |c 1997 
300 |a Nestr 
650 7 |a polovodiče  |2 stusub 
650 7 |a katalógy  |2 stusub 
650 7 |a Technika polovodičová  |2 stusub 
996 |b MZ 1171  |c M*Z-1171  |l MMKN  |s A  |a 24  |w stu46045_0001